[Event "World Rapid 2019"]
[Site "Moscow RUS"]
[Date "2019.12.27"]
[Round "10.69"]
[White "Potapov, Pavel"]
[Black "Indjic, Aleksandar"]
[Result "0-1"]
[WhiteTitle "GM"]
[BlackTitle "GM"]
[WhiteElo "2482"]
[BlackElo "2619"]
[WhiteFideId "4169786"]
[BlackFideId "911925"]
[EventDate "2019.12.26"]

1. e4 e5 2. Nf3 Nc6 3. Nc3 Nf6 4. d4 exd4 5. Nxd4 Bb4 6. Nxc6 bxc6 7. Bd3 d5 8.
exd5 O-O 9. O-O Bg4 10. Be2 Bxe2 11. Nxe2 cxd5 12. Bf4 Bd6 13. Bxd6 Qxd6 14. Ng3
c5 15. Qd3 g6 16. Rfe1 a5 17. Rad1 Qb6 18. b3 a4 19. h4 Qb4 20. h5 Qh4 21. Qf3
Ra6 22. Re5 Ng4 23. Re2 Rf6 24. Qd3 Qh2+ 25. Kf1 gxh5 26. Ke1 d4 27. Ne4 Re6 28.
Qg3 Qxg3 29. Nxg3 Rfe8 30. bxa4 h4 31. Rxe6 Rxe6+ 32. Ne2 Ne5 33. Kf1 Ra6 34.
Nc1 Rxa4 35. c3 dxc3 36. Rd5 f6 37. Rxc5 Ra3 38. Ne2 Rxa2 39. Rxc3 Kg7 40. Nf4
Ra4 41. Nd3 Ng4 42. Ke2 h5 43. Kf3 Nh2+ 44. Ke3 Ng4+ 45. Kf3 Kh6 46. Rb3 Rd4 47.
Ke2 Re4+ 48. Kd2 Re8 49. f3 Ne3 50. Nf4 Nf1+ 51. Kd1 Re5 52. Rb8 Kg5 53. Nd3 Re7
54. Rb5+ f5 55. Rb8 h3 56. gxh3 Kh4 57. Rg8 Ne3+ 58. Kd2 Nc4+ 59. Kc3 Ne5 60.
Nf4 Rc7+ 61. Kd4 Nxf3+ 62. Ke3 Rc3+ 63. Kf2 Ne5 64. Kg2 Rc2+ 65. Kh1 Rf2 66. Re8
Rxf4 67. Rxe5 Kxh3 68. Re3+ Kg4 69. Kg2 Ra4 70. Rg3+ Kf4 71. Rf3+ Ke4 72. Rh3 f4
73. Rxh5 Ra2+ 74. Kh3 Ke3 75. Re5+ Kf2 76. Rb5 f3 77. Rb1 Re2 78. Rb3 Rd2 79.
Kg4 Rd4+ 80. Kh3 Re4 81. Rb2+ Re2 82. Rb3 Re3 83. Rb2+ Ke1 84. Rb1+ Kf2 85. Ra1
Rd3 86. Ra2+ Ke1 87. Kg3 f2+ 0-1

[Event "World Rapid 2019"]
[Site "Moscow RUS"]
[Date "2019.12.27"]
[Round "10.70"]
[White "Savchenko, Boris"]
[Black "Yanchenko, Roman"]
[Result "0-1"]
[WhiteTitle "GM"]
[BlackTitle "FM"]
[WhiteElo "2577"]
[BlackElo "2463"]
[WhiteFideId "4147332"]
[BlackFideId "4137329"]
[EventDate "2019.12.26"]

1. e4 e6 2. d4 d5 3. Nc3 Bb4 4. e5 Ne7 5. a3 Bxc3+ 6. bxc3 b6 7. Qg4 Kf8 8. Nh3
Ba6 9. Bxa6 Nxa6 10. O-O c5 11. a4 Rc8 12. a5 b5 13. Nf4 cxd4 14. Ba3 dxc3 15.
Bd6 Rc4 16. Rab1 b4 17. Rfd1 h6 18. Rd3 Qd7 19. Rg3 g5 20. Rf3 Rxf4 21. Rxf4
gxf4 22. Qxf4 Ke8 23. h3 Ng6 24. Qf6 Qa4 25. Rc1 b3 26. cxb3 Qf4 27. Rxc3 Qxf6
28. exf6 Kd7 29. Ba3 Rc8 30. Rg3 Nc5 31. f3 e5 32. b4 Nd3 33. b5 Ke6 34. Rg4
Ndf4 35. g3 h5 0-1

[Event "World Rapid 2019"]
[Site "Moscow RUS"]
[Date "2019.12.27"]
[Round "10.71"]
[White "Harsha, Bharathakoti"]
[Black "Potkin, Vladimir"]
[Result "0-1"]
[WhiteTitle "GM"]
[BlackTitle "GM"]
[WhiteElo "2523"]
[BlackElo "2583"]
[WhiteFideId "5078776"]
[BlackFideId "4131061"]
[EventDate "2019.12.26"]

1. c4 Nf6 2. Nc3 e5 3. g3 d5 4. cxd5 Nxd5 5. Bg2 Nb6 6. d3 Be7 7. Nh3 Nc6 8. f4
h5 9. Be3 h4 10. Ng5 Bxg5 11. fxg5 Be6 12. Ne4 Nd4 13. gxh4 Rxh4 14. Bf2 Rg4 15.
Rg1 Nd5 16. e3 Nc6 17. h3 Rxg2 18. Rxg2 Ndb4 19. Nc5 Qd6 20. Nxe6 fxe6 21. Qh5+
Ke7 22. Rd1 Nxd3+ 23. Kf1 e4 24. Qg6 Qe5 25. Kg1 Rf8 26. Bg3 Qf5 27. Qxf5 exf5
28. Bxc7 Rh8 29. Kh2 Rc8 30. Bg3 Ncb4 31. a3 Nd5 32. Re2 Ke6 33. h4 g6 34. Kg1
a5 35. Kh2 a4 36. Be1 Nc1 37. Red2 Nd3 38. Re2 Rc5 39. Bg3 Nc1 40. Red2 Nd3 41.
Re2 Rc6 42. Bb8 Rc8 43. Bg3 Rc5 44. Bb8 Rc6 45. Bg3 Rc8 46. Kg1 Rc6 47. Kh2 Rc5
48. Kg1 Rc6 49. Kh2 Rc8 50. Kh1 Rc6 51. Rg1 Nc1 52. Ree1 Nd3 53. Re2 Nc1 54. Rh2
Nd3 55. h5 Nxe3 56. hxg6 Rc8 57. Rh7 f4 58. g7 Rg8 59. Rh6+ Kd5 60. Bh4 Nf5 61.
Rh8 Rxg7 62. g6 Nxh4 63. Rxh4 e3 64. Rh7 Rg8 65. Rd7+ Ke4 66. Kg2 Rxg6+ 0-1

[Event "World Rapid 2019"]
[Site "Moscow RUS"]
[Date "2019.12.27"]
[Round "10.72"]
[White "Mesropov, Konstantin"]
[Black "Rozum, Ivan"]
[Result "1/2-1/2"]
[WhiteTitle "IM"]
[BlackTitle "GM"]
[WhiteElo "2422"]
[BlackElo "2573"]
[WhiteFideId "4116887"]
[BlackFideId "24104272"]
[EventDate "2019.12.26"]

1. d4 Nf6 2. Bg5 e6 3. e4 h6 4. Bxf6 Qxf6 5. c3 e5 6. Bc4 d6 7. Ne2 Be7 8. O-O
O-O 9. f4 Qg6 10. Nd2 c6 11. Kh1 exd4 12. cxd4 d5 13. exd5 cxd5 14. Bxd5 Nc6 15.
Nf3 Qd6 16. Nc3 Bg4 17. Qd2 Bxf3 18. Rxf3 Bf6 19. Bxc6 bxc6 20. Rd1 1/2-1/2

[Event "World Rapid 2019"]
[Site "Moscow RUS"]
[Date "2019.12.27"]
[Round "10.73"]
[White "Gundavaa, Bayarsaikhan"]
[Black "Drygalov, Sergey"]
[Result "0-1"]
[WhiteTitle "GM"]
[BlackTitle "IM"]
[WhiteElo "2489"]
[BlackElo "2473"]
[WhiteFideId "4901045"]
[BlackFideId "24171743"]
[EventDate "2019.12.26"]

1. e4 c5 2. Nf3 d6 3. d4 cxd4 4. Nxd4 Nf6 5. Nc3 a6 6. Nb3 g6 7. Be3 Bg7 8. f3
O-O 9. Qd2 Nc6 10. O-O-O Be6 11. h4 h5 12. Bh6 Ne5 13. Bxg7 Kxg7 14. Nd4 Rc8 15.
g4 hxg4 16. f4 Nf3 17. Nxf3 gxf3 18. f5 Bd7 19. Bd3 Qa5 20. Rdg1 Rxc3 21. bxc3
Qxa2 22. Qe3 Rc8 23. Kd2 Qa3 24. Qd4 Bb5 25. fxg6 Bxd3 26. Kxd3 e5 27. gxf7+
Kxf7 28. Qb4 Qxb4 29. cxb4 d5 30. exd5 e4+ 31. Kd2 Nxd5 32. Re1 Rc4 33. c3 f2
34. Re2 e3+ 35. Rxe3 Nxe3 36. Kxe3 Rxc3+ 37. Kxf2 Rb3 38. h5 Rxb4 39. Ke3 Kg7
40. Kd3 Kh6 41. Kc3 Rb5 42. Kc4 Rxh5 43. Rb1 b5+ 44. Kb4 Rh4+ 45. Kc5 Ra4 46.
Rg1 b4 47. Kc4 a5 48. Kb3 Ra3+ 49. Kb2 Rf3 50. Ra1 Rf5 51. Kb3 Kg6 52. Ka4 Kf6
53. Rh1 Rc5 54. Rh6+ Ke5 55. Rh4 Kd5 56. Rg4 Rc1 57. Rg5+ Kc4 58. Rg4+ Kc3 59.
Rg3+ Kc2 60. Rg2+ Kb1 61. Kxa5 b3 62. Kb4 Rc2 63. Rg3 b2 64. Rh3 Rg2 65. Rh8 Kc1 0-1

[Event "World Rapid 2019"]
[Site "Moscow RUS"]
[Date "2019.12.27"]
[Round "10.74"]
[White "Salgado Lopez, Ivan"]
[Black "Luukkonen, Tommi"]
[Result "1-0"]
[WhiteTitle "GM"]
[BlackTitle "FM"]
[WhiteElo "2605"]
[BlackElo "2290"]
[WhiteFideId "2257327"]
[BlackFideId "501808"]
[EventDate "2019.12.26"]

1. e4 c5 2. Nf3 d6 3. Bd3 Nc6 4. O-O Bg4 5. h3 Bh5 6. Be2 Nf6 7. d3 h6 8. Nbd2
g5 9. Nh2 Bxe2 10. Qxe2 Rg8 11. c3 h5 12. Nc4 g4 13. h4 Qd7 14. Bf4 O-O-O 15. a4
Qe6 16. Rfe1 Ne5 17. Bxe5 dxe5 18. Nf1 Bh6 19. g3 Rd7 20. Nfe3 Rgd8 21. Red1
Bxe3 22. Qxe3 Rc7 23. b3 Kb8 24. Qg5 Nd7 25. Qxh5 f6 26. Qh6 Rcc8 27. Qe3 Qc6
28. Qe2 e6 29. a5 Rg8 30. a6 b6 31. Ne3 Rcf8 32. Nxg4 f5 33. exf5 exf5 34. Nxe5
Nxe5 35. Qxe5+ Ka8 36. Qe7 Rb8 37. b4 Qf3 38. Qe5 f4 39. Qe4+ Qxe4 40. dxe4 fxg3
41. f3 Rh8 42. Kg2 Rxh4 43. Kxg3 Rh7 44. bxc5 bxc5 45. Rd5 Rg7+ 46. Kf4 Rf8+ 47.
Rf5 Rc8 48. Ra5 Rgc7 49. c4 Rc6 50. Rd5 Rf8+ 51. Kg3 Rg6+ 52. Kf2 Rgf6 53. Ra3
Rc6 54. Ke3 Rcf6 55. Ke2 Rc6 56. e5 Kb8 57. Ra5 Rg6 58. Kf2 Rh6 59. Rdxc5 Rh2+
60. Kg3 Rh6 61. Ra3 Rg6+ 62. Kf2 Rh6 63. Rb5+ 1-0

[Event "World Rapid 2019"]
[Site "Moscow RUS"]
[Date "2019.12.27"]
[Round "10.77"]
[White "Abdusattorov, Nodirbek"]
[Black "Reshetnikov, Alexey"]
[Result "1-0"]
[WhiteTitle "GM"]
[BlackTitle "IM"]
[WhiteElo "2635"]
[BlackElo "2492"]
[WhiteFideId "14204118"]
[BlackFideId "4162080"]
[EventDate "2019.12.26"]

1. e4 d6 2. d4 Nf6 3. Nc3 e5 4. Nf3 Nbd7 5. Bc4 Be7 6. O-O O-O 7. a4 c6 8. h3
exd4 9. Nxd4 d5 10. exd5 Nb6 11. Bb3 Nbxd5 12. Nxd5 Nxd5 13. Qf3 Bf6 14. Rd1 Qb6
15. a5 Qc5 16. c3 a6 17. Bxd5 Qxd5 18. Qxd5 cxd5 19. Be3 Be6 20. Nb3 Rfc8 21.
Bb6 Rc4 22. Bd4 Be7 23. Nd2 Rc6 24. Nf1 Re8 25. Bb6 Bg5 26. Ne3 Bxe3 27. Bxe3 f6
28. Ra3 Kf7 29. Rd4 Rc4 30. Rb3 Re7 31. Rb6 Rxd4 32. Bxd4 Rc7 33. f3 Bd7 34. Kf2
Bb5 35. g4 Re7 36. Be3 h6 37. h4 Rd7 38. Kg3 Re7 39. Bc5 Rc7 40. Bd4 Re7 41. Kf4
Rc7 42. g5 hxg5+ 43. hxg5 fxg5+ 44. Kxg5 Bc6 45. Rb4 Bb5 46. b3 Rc6 47. Kf5 Re6
48. Kf4 Re1 49. Kg3 g5 50. Bh8 Re8 51. Bd4 Re1 52. Bb6 Rb1 53. Bd8 Kg6 54. Rd4
Rxb3 55. Rxd5 Rxc3 56. Rxg5+ Kf7 57. Rf5+ Ke6 58. Rf6+ Kd7 59. Bb6 Bc6 60. Kg4
Ke7 61. Rf4 Ke6 62. Kg3 Bd5 63. Kf2 Rc2+ 64. Ke3 Rc3+ 65. Ke2 Bc6 66. Kf2 Rc2+
67. Kg3 Rc3 68. Bf2 b5 69. axb6 a5 70. Bd4 Rb3 71. Kg4 a4 72. Rf6+ Kd5 73. Bf2
a3 74. Rf5+ Ke6 75. f4 Bf3+ 76. Kg5 a2 77. Bd4 Rb4 78. Bh8 Bd5 1-0

[Event "World Rapid 2019"]
[Site "Moscow RUS"]
[Date "2019.12.27"]
[Round "10.78"]
[White "Sek, Konstantin"]
[Black "Gareyev, Timur"]
[Result "0-1"]
[BlackTitle "GM"]
[WhiteElo "2446"]
[BlackElo "2598"]
[WhiteFideId "24104302"]
[BlackFideId "14200937"]
[EventDate "2019.12.26"]

1. e4 e5 2. Bc4 Nc6 3. Nc3 g6 4. d3 Na5 5. Nge2 d6 6. Bd5 Nf6 7. Bg5 Be7 8. Bh6
c6 9. Bb3 Ng4 10. Bd2 Nxb3 11. axb3 f5 12. h3 Nf6 13. exf5 gxf5 14. d4 f4 15.
dxe5 dxe5 16. Ng1 Rg8 17. Qf3 Bf5 18. O-O-O Qa5 19. Kb1 O-O-O 20. Nge2 Qb6 21.
g3 Qxb3 22. gxf4 Bxc2+ 23. Kc1 Bf5 0-1

[Event "World Rapid 2019"]
[Site "Moscow RUS"]
[Date "2019.12.27"]
[Round "10.79"]
[White "Bosiocic, Marin"]
[Black "Pogosyan, Stefan"]
[Result "1-0"]
[WhiteTitle "GM"]
[BlackTitle "IM"]
[WhiteElo "2623"]
[BlackElo "2459"]
[WhiteFideId "14507927"]
[BlackFideId "34159867"]
[EventDate "2019.12.26"]

1. e4 e5 2. Nf3 Nc6 3. Bb5 a6 4. Ba4 Nf6 5. O-O Be7 6. Re1 b5 7. Bb3 d6 8. c3
O-O 9. h3 Nb8 10. d4 Nbd7 11. c4 Bb7 12. Nc3 c6 13. a3 Qc7 14. Be3 exd4 15. Nxd4
Rfe8 16. cxb5 axb5 17. Rc1 Nc5 18. Ba2 Bf8 19. f3 Qb8 20. Qd2 g6 21. Nd1 Ra6 22.
Nf2 Bg7 23. Nc2 Ra4 24. Nb4 Qc7 25. Bf4 Ne6 26. Bxd6 Rd8 27. Bxc7 Rxd2 28. Bxe6
fxe6 29. Be5 c5 30. Nbd3 Nd7 31. Bxg7 Kxg7 32. Nxc5 Nxc5 33. Rxc5 Rc4 34. Rc1
Rxb2 35. R1xc4 bxc4 36. Rxc4 h5 37. Rb4 1-0

[Event "World Rapid 2019"]
[Site "Moscow RUS"]
[Date "2019.12.27"]
[Round "10.80"]
[White "Vishnu Prasanna, V"]
[Black "Gasanov, Eldar"]
[Result "1-0"]
[WhiteTitle "GM"]
[BlackTitle "GM"]
[WhiteElo "2493"]
[BlackElo "2481"]
[WhiteFideId "5030692"]
[BlackFideId "14104466"]
[EventDate "2019.12.26"]

1. d4 Nf6 2. c4 b6 3. f3 Nc6 4. d5 Ne5 5. e4 e6 6. Nc3 Bc5 7. Nh3 O-O 8. Bg5 h6
9. Bh4 Ng6 10. Bf2 d6 11. Bxc5 bxc5 12. Nf2 Rb8 13. Qd2 Nd7 14. f4 Nb6 15. g3
Ba6 16. b3 Re8 17. dxe6 fxe6 18. Be2 Ne7 19. O-O Nc6 20. Bh5 Rf8 21. Ng4 Bc8 22.
Rae1 Nd4 23. Bg6 Nd7 24. f5 Ne5 25. Nxh6+ gxh6 26. Qxh6 Qe7 27. Qh5 Qg7 28. Kg2
exf5 29. exf5 Bb7+ 30. Nd5 Nxg6 31. fxg6 Rxf1 32. Rxf1 Rf8 33. Qh7+ Qxh7 34.
gxh7+ 1-0

[Event "World Rapid 2019"]
[Site "Moscow RUS"]
[Date "2019.12.27"]
[Round "10.81"]
[White "Nozdrachev, Vladislav"]
[Black "Kazakouski, Valery"]
[Result "1-0"]
[WhiteTitle "IM"]
[BlackTitle "IM"]
[WhiteElo "2494"]
[BlackElo "2485"]
[WhiteFideId "24113441"]
[BlackFideId "13507443"]
[EventDate "2019.12.26"]

1. e4 c5 2. Nf3 a6 3. c4 Nc6 4. d4 cxd4 5. Nxd4 e5 6. Nc2 Bc5 7. Nc3 Nge7 8. Be2
O-O 9. O-O d6 10. Be3 Be6 11. Nd5 Bxe3 12. Ndxe3 Rc8 13. Qd2 Qc7 14. Rfd1 Rfd8
15. Nd5 Bxd5 16. cxd5 Nb8 17. Ne3 Nd7 18. Rac1 Qb8 19. Nc4 Rc7 20. Qb4 Nf6 21.
Bf3 g6 22. g3 b5 23. Na5 Rdc8 24. Rxc7 Qxc7 25. Nc6 Nxc6 26. dxc6 Rd8 27. Rc1
Nd7 28. Qa3 b4 29. Qxb4 Nc5 30. Qc4 a5 31. Qd5 Ne6 32. Be2 Nd4 33. Bb5 Rb8 34.
a4 Kg7 35. Kg2 f6 36. Rc4 Ra8 37. f4 Ra7 38. Rc1 Ra8 39. Rf1 Rb8 40. Rf2 Qe7 41.
b3 Qc7 42. h4 Rd8 43. Rd2 Re8 44. g4 Ne6 45. Qxd6 Nxf4+ 46. Kf1 Qb6 47. Qd7+ Kf8
48. Qxe8+ 1-0

[Event "World Rapid 2019"]
[Site "Moscow RUS"]
[Date "2019.12.27"]
[Round "10.82"]
[White "Thing, Bibek"]
[Black "Donchenko, Alexander"]
[Result "0-1"]
[WhiteTitle "CM"]
[BlackTitle "GM"]
[WhiteElo "2222"]
[BlackElo "2644"]
[WhiteFideId "12303135"]
[BlackFideId "24603295"]
[EventDate "2019.12.26"]

1. e4 c5 2. c3 d6 3. Bb5+ Bd7 4. Bxd7+ Qxd7 5. Nf3 Nf6 6. d3 Nc6 7. O-O g6 8.
Qe2 Bg7 9. d4 cxd4 10. cxd4 d5 11. e5 Ne4 12. Nbd2 Nxd2 13. Bxd2 O-O 14. Rac1
Rfc8 15. h3 a6 16. Rfe1 Rc7 17. e6 Qxe6 18. Qxe6 fxe6 19. Rxe6 Rf8 20. Ba5 Rcc8
21. Bd2 Nxd4 22. Rxe7 Rxc1+ 23. Bxc1 Nxf3+ 24. gxf3 b5 25. Rd7 d4 26. Kg2 Bf6
27. Rd6 Kf7 28. Rxa6 Rc8 29. Bf4 Rc2 30. Rd6 Rxb2 31. a3 Rb3 32. Rd5 Ke6 33.
Rd6+ Kf5 34. Bd2 d3 35. f4 Be7 36. Rd5+ Ke6 37. Re5+ Kf6 38. Kf3 Bxa3 39. Ke4
Bd6 40. Rd5 Ke6 41. h4 b4 42. h5 Ra3 43. hxg6 hxg6 44. f3 b3 45. Bc3 Ra4+ 46.
Rd4 Rxd4+ 47. Bxd4 d2 0-1

[Event "World Rapid 2019"]
[Site "Moscow RUS"]
[Date "2019.12.27"]
[Round "10.83"]
[White "Iljiushenok, Ilia"]
[Black "Castellanos Rodriguez, Renier"]
[Result "1-0"]
[WhiteTitle "GM"]
[BlackTitle "IM"]
[WhiteElo "2521"]
[BlackElo "2474"]
[WhiteFideId "24105074"]
[BlackFideId "3404650"]
[EventDate "2019.12.26"]

1. e4 c5 2. Nf3 e6 3. d4 cxd4 4. Nxd4 a6 5. Nc3 Qc7 6. Qf3 d6 7. Qg3 Nd7 8. Be3
Ngf6 9. f3 b5 10. a3 Rb8 11. Be2 Be7 12. h4 g6 13. Qf2 h5 14. Bg5 Ne5 15. O-O
O-O 16. Kh1 Bd7 17. Qg3 Nc4 18. Bxc4 Qxc4 19. Rad1 a5 20. e5 dxe5 21. Qxe5 b4
22. axb4 axb4 23. Ne4 Nxe4 24. Bxe7 Nd2 25. Bxf8 Rxf8 26. Rf2 1-0

[Event "World Rapid 2019"]
[Site "Moscow RUS"]
[Date "2019.12.27"]
[Round "10.84"]
[White "Sychev, Klementy"]
[Black "Kim, Alexey"]
[Result "1-0"]
[WhiteTitle "GM"]
[BlackTitle "GM"]
[WhiteElo "2563"]
[BlackElo "2464"]
[WhiteFideId "4114060"]
[BlackFideId "4129776"]
[EventDate "2019.12.26"]

1. e4 e6 2. d4 d5 3. Nc3 Bb4 4. Qd3 dxe4 5. Qxe4 Nf6 6. Qh4 Nc6 7. Nf3 h6 8. Bd2
Ke7 9. Qf4 g5 10. Qe3 g4 11. Nh4 Kf8 12. O-O-O Be7 13. g3 Nxd4 14. h3 c5 15.
hxg4 Nxg4 16. Qf4 e5 17. Ng6+ Kg8 18. Nxe5 Nxe5 19. Qxe5 Bg4 20. Nd5 Nc6 21.
Nxe7+ Qxe7 22. Qxe7 Nxe7 23. Re1 Nf5 24. Bd3 Rc8 25. f3 c4 26. fxg4 cxd3 27.
gxf5 Rxc2+ 28. Kd1 1-0

[Event "World Rapid 2019"]
[Site "Moscow RUS"]
[Date "2019.12.27"]
[Round "10.85"]
[White "Yagupov, Igor"]
[Black "Ruck, Robert"]
[Result "0-1"]
[WhiteTitle "GM"]
[BlackTitle "GM"]
[WhiteElo "2357"]
[BlackElo "2530"]
[WhiteFideId "4113632"]
[BlackFideId "705713"]
[EventDate "2019.12.26"]

1. e4 c6 2. d4 d5 3. e5 Bf5 4. Nf3 e6 5. Be2 Ne7 6. O-O Nd7 7. Nbd2 h6 8. Nb3
Bh7 9. Bd2 Ng6 10. c4 dxc4 11. Bxc4 Nb6 12. Ba5 Qc8 13. Bxb6 axb6 14. Bd3 Be7
15. Qc2 O-O 16. h4 Rd8 17. h5 Nf8 18. Bxh7+ Nxh7 19. a4 Qd7 20. Nbd2 Ra6 21. b3
Qd5 22. Nc4 Rda8 23. Rad1 Bb4 24. Ne3 Qd7 25. Qc4 Be7 26. Nd2 Ra5 27. Ne4 b5 28.
axb5 Rxb5 29. Nc5 Qe8 30. Ra1 Nf8 31. f4 Rd8 32. Ra7 Rxd4 33. Qc1 0-1

[Event "World Rapid 2019"]
[Site "Moscow RUS"]
[Date "2019.12.27"]
[Round "10.86"]
[White "Vavulin, Maxim"]
[Black "Deviatkin, Andrei"]
[Result "1/2-1/2"]
[WhiteTitle "GM"]
[BlackTitle "GM"]
[WhiteElo "2556"]
[BlackElo "2436"]
[WhiteFideId "4169530"]
[BlackFideId "4121260"]
[EventDate "2019.12.26"]

1. e4 c6 2. d4 d5 3. Nd2 dxe4 4. Nxe4 h6 5. Bc4 Bf5 6. Qf3 e6 7. Ne2 Nd7 8. Bb3
Ngf6 9. N4g3 Bh7 10. Nf4 Bd6 11. Ngh5 O-O 12. O-O Nxh5 13. Nxh5 Bg6 14. Nf4 Bf5
15. Re1 Nf6 16. Bd2 Qc7 17. h3 Rae8 18. Rad1 Bh7 19. Bc1 e5 20. dxe5 Rxe5 21.
Nd3 Rf5 22. Qe2 Nd5 23. c4 Nb4 24. Nxb4 Bxb4 25. Rf1 Re5 26. Qf3 Qe7 27. Qg4 Bf5
28. Qg3 Re6 29. Kh1 Bc5 30. Bd2 Re8 31. Bc3 Rg6 32. Qf4 Qg5 33. Qxg5 hxg5 34. g4
Bc8 35. Bc2 Rge6 36. b4 Bb6 37. c5 Bc7 38. Bd3 R6e7 39. Kg2 Be6 40. a3 Bd5+ 41.
f3 Be5 42. Bxe5 Rxe5 43. Rd2 Re3 44. a4 f6 45. b5 Kf7 46. a5 cxb5 47. Bxb5 Bc6
48. Bxc6 bxc6 49. Rb1 R8e7 50. Rd6 Ra3 51. Rxc6 Re2+ 52. Kg3 Raa2 53. Rc7+ Kg6
54. Rg1 Rxa5 55. h4 gxh4+ 56. Kxh4 Rh2+ 57. Kg3 Rc2 58. Rd1 Rcxc5 59. Rb7 Rcb5
60. Rc7 Rc5 61. Rb7 Rcb5 1/2-1/2

[Event "World Rapid 2019"]
[Site "Moscow RUS"]
[Date "2019.12.27"]
[Round "10.87"]
[White "Atabayev, Maksat"]
[Black "Baron, Tal"]
[Result "1/2-1/2"]
[WhiteTitle "GM"]
[BlackTitle "GM"]
[WhiteElo "2475"]
[BlackElo "2541"]
[WhiteFideId "14001101"]
[BlackFideId "2809958"]
[EventDate "2019.12.26"]

1. e4 c5 2. Nc3 Nc6 3. f4 g6 4. Nf3 Bg7 5. Bb5 Nd4 6. Bc4 e6 7. O-O Ne7 8. e5 d5
9. Nxd4 cxd4 10. Bb5+ Nc6 11. Ne2 O-O 12. Bxc6 bxc6 13. d3 c5 14. Bd2 Qb6 15. b3
Ba6 16. Be1 f6 17. exf6 Bxf6 18. Kh1 Rae8 19. Ng1 c4 20. Bg3 Bg7 21. Qe2 Qb5 22.
Rad1 Bh6 23. Nf3 cxd3 24. cxd3 Bxf4 25. Nxd4 Qb8 26. Nxe6 Qd6 27. Bxf4 Qxe6 28.
Qd2 Qe2 29. Kg1 h5 30. Qa5 Rxf4 31. Qxd5+ Kh8 32. Rxf4 Qxd1+ 33. Rf1 Re1 34.
Qd8+ Kh7 35. Qc7+ Kh6 36. Qf4+ Kh7 37. Qf7+ Kh6 38. Qf8+ Kh7 39. Qf7+ Kh6 40.
Qf4+ Kh7 41. Qc7+ Kh6 1/2-1/2

[Event "World Rapid 2019"]
[Site "Moscow RUS"]
[Date "2019.12.27"]
[Round "10.88"]
[White "Frolyanov, Dmitry"]
[Black "Batchuluun, Tsegmed"]
[Result "1-0"]
[WhiteTitle "GM"]
[BlackTitle "GM"]
[WhiteElo "2556"]
[BlackElo "2530"]
[WhiteFideId "4151976"]
[BlackFideId "4900847"]
[EventDate "2019.12.26"]

1. e4 e5 2. Nf3 Nc6 3. Bb5 Nf6 4. O-O Nxe4 5. Re1 Nd6 6. Nxe5 Be7 7. Bf1 Nf5 8.
Nf3 d5 9. d4 O-O 10. c3 Re8 11. Bd3 Bd6 12. Rxe8+ Qxe8 13. Nbd2 b6 14. Nf1 f6
15. Bd2 Bd7 16. Qc2 g6 17. h3 Kg7 18. N3h2 Qf7 19. Ng4 h5 20. Nge3 Nce7 21. Re1
Re8 22. Qb3 c6 23. Qa4 a5 24. Qb3 Bc7 25. a4 Nxe3 26. Nxe3 Nf5 27. Nxf5+ Bxf5
28. Bxf5 Rxe1+ 29. Bxe1 gxf5 30. Qd1 Qe6 31. Kf1 Kg6 32. Qe2 Qxe2+ 33. Kxe2 b5
34. b3 Kf7 35. Kf3 Ke6 36. Bd2 bxa4 37. bxa4 Bb6 38. Bf4 Bd8 39. Bb8 Bb6 40. Kf4
c5 41. dxc5 Bxc5 42. Bc7 Bxf2 43. Bxa5 Be1 44. Ke3 Kd6 45. Kd3 Bg3 46. Bb6 Be5
47. Bf2 Kc6 48. c4 Bc7 49. Bd4 Bd8 50. Kc3 Ba5+ 51. Kb3 Bd8 52. Kb4 dxc4 53.
Kxc4 Kd6 54. Kb5 Kd5 55. Bb6 Be7 56. a5 Bd6 57. a6 Bb8 58. Bf2 f4 59. Kb6 1-0

[Event "World Rapid 2019"]
[Site "Moscow RUS"]
[Date "2019.12.27"]
[Round "10.89"]
[White "Santos Ruiz, Miguel"]
[Black "Kryakvin, Dmitry"]
[Result "1/2-1/2"]
[WhiteTitle "GM"]
[BlackTitle "GM"]
[WhiteElo "2585"]
[BlackElo "2596"]
[WhiteFideId "22291482"]
[BlackFideId "4153278"]
[EventDate "2019.12.26"]

1. e4 e6 2. d4 d5 3. Nd2 c5 4. exd5 exd5 5. Ngf3 Nc6 6. Bb5 Qe7+ 7. Be2 Qc7 8.
O-O Nf6 9. Re1 cxd4 10. Nb3 Bb4 11. Bd2 Bxd2 12. Qxd2 O-O 13. Nbxd4 Bg4 14. Bd3
Rfe8 15. c3 Qb6 16. Qc2 Bh5 17. h3 1/2-1/2

[Event "World Rapid 2019"]
[Site "Moscow RUS"]
[Date "2019.12.27"]
[Round "10.90"]
[White "Zarnicki, Pablo"]
[Black "Studer, Noel"]
[Result "1/2-1/2"]
[WhiteTitle "GM"]
[BlackTitle "GM"]
[WhiteElo "2514"]
[BlackElo "2546"]
[WhiteFideId "100137"]
[BlackFideId "1319620"]
[EventDate "2019.12.26"]

1. e4 e6 2. d4 d5 3. Nd2 c5 4. Ngf3 cxd4 5. Nxd4 Nc6 6. Bb5 Bd7 7. Nxc6 bxc6 8.
Bd3 Qc7 9. O-O Bd6 10. Nf3 Nf6 11. Qe2 dxe4 12. Bxe4 O-O 13. Bd2 Rae8 14. Rad1
e5 15. Bc3 Bg4 16. h3 Bh5 17. g4 Nxe4 18. Qxe4 Bg6 19. Qe2 Qe7 20. Qd2 Bb8 21.
Rfe1 Rd8 22. Qg5 f6 23. Qe3 Bxc2 24. Rxd8 Rxd8 25. Nd4 Ba4 26. b3 Qd7 27. bxa4
exd4 28. Bxd4 h5 29. gxh5 Qxd4 30. Qxd4 Rxd4 31. Re8+ Kh7 32. Rxb8 Rxa4 33. Rc8
Ra6 34. Kg2 Kh6 35. Rh8+ Kg5 36. Rg8 Kxh5 37. Rxg7 Rxa2 38. Rc7 Ra6 39. Kg3 Kg5
40. h4+ Kh5 41. f3 Kg6 42. Kg4 Ra4+ 43. Kg3 Ra6 44. Kg4 Ra4+ 45. Kg3 Ra6 1/2-1/2

[Event "World Rapid 2019"]
[Site "Moscow RUS"]
[Date "2019.12.27"]
[Round "10.91"]
[White "Carlsson, Pontus"]
[Black "Tissir, Mohamed"]
[Result "1-0"]
[WhiteTitle "GM"]
[BlackTitle "IM"]
[WhiteElo "2456"]
[BlackElo "2379"]
[WhiteFideId "1705814"]
[BlackFideId "9000240"]
[EventDate "2019.12.26"]

1. e4 c5 2. Nf3 d6 3. Bb5+ Nd7 4. d4 cxd4 5. Qxd4 Nf6 6. Bg5 e6 7. Nc3 Be7 8.
O-O-O O-O 9. e5 Nxe5 10. Nxe5 dxe5 11. Qh4 Nd5 12. f4 f6 13. Bd3 g6 14. Bh6 Rf7
15. Bc4 f5 16. Qe1 Bb4 17. Bxd5 exd5 18. Qxe5 Bxc3 19. Qxc3 Be6 20. Rhe1 Qd7 21.
Qe5 Re7 22. Bg5 Ree8 23. Bh6 Re7 24. Rxd5 Bxd5 25. Qxe7 Qxe7 26. Rxe7 Bxg2 27.
Rg7+ Kh8 28. Re7 Kg8 29. Rg7+ Kh8 30. Rc7 Rd8 31. c4 Be4 32. b4 Kg8 33. Rg7+ Kh8
34. Rc7 Kg8 35. b5 Rd4 36. Rg7+ Kh8 37. Rc7 Kg8 38. a4 g5 39. Bxg5 Bd3 40. Rxb7
Rxc4+ 41. Kd2 Be4 42. Rxa7 Rc2+ 43. Ke3 Rxh2 44. b6 Rb2 45. a5 Rb4 46. Bh6 Rb3+
47. Kd4 Rh3 48. Bg5 h6 49. Bf6 Rb3 50. Kc4 Rb1 51. Kc5 Rc1+ 52. Kd6 Rb1 53. Bd4
h5 54. a6 h4 55. b7 h3 56. Ra8+ Kf7 57. b8=Q Rxb8 58. Rxb8 h2 59. Rh8 h1=Q 60.
Rxh1 Bxh1 61. Kd7 Bf3 62. Be5 Be4 63. a7 Bf3 64. Kc7 1-0